<?xml version="1.0" encoding="utf-8"?>
<?xml-stylesheet type='text/xsl' href='./oai2.xsl'?>
<OAI-PMH xmlns="http://www.openarchives.org/OAI/2.0/" xmlns:xsi="http://www.w3.org/2001/XMLSchema-instance" xsi:schemaLocation="http://www.openarchives.org/OAI/2.0/ http://www.openarchives.org/OAI/2.0/OAI-PMH.xsd">
  <responseDate>2026-04-29T22:09:42Z</responseDate>
  <request verb="GetRecord" metadataPrefix="marcxml" identifier="record_kuniweb_2686630">https://kulturerbe.niedersachsen.de/oai</request>
  <GetRecord>
    <record>
      <header>
        <identifier>record_kuniweb_2686630</identifier>
        <datestamp>2026-03-31T19:09:18Z</datestamp>
        <setSpec>slg0289</setSpec>
      </header>
      <metadata>
        <marc:record xmlns:marc="http://www.loc.gov/MARC21/slim" xsi:schemaLocation="http://www.loc.gov/MARC21/slim http://www.loc.gov/standards/marcxml/schema/MARC21slim.xsd">
          <marc:leader>12345nrm  22     uu 4500</marc:leader>
          <marc:controlfield tag="001">2686630</marc:controlfield>
          <marc:controlfield tag="003">http://kuniweb.gbv.de</marc:controlfield>
          <marc:controlfield tag="005">2025-08-06T10:29:31</marc:controlfield>
          <marc:controlfield tag="008">|           ||||||||||||||||||||||</marc:controlfield>
          <marc:datafield tag="245" ind1="1" ind2="0">
            <marc:subfield code="a">Tiegel, gefüllt (Grabungsfund 797)</marc:subfield>
          </marc:datafield>
          <marc:datafield tag="655" ind1=" " ind2="7">
            <marc:subfield code="a">Archäologie</marc:subfield>
          </marc:datafield>
          <marc:datafield tag="046" ind1=" " ind2=" ">
            <marc:subfield code="k">1700</marc:subfield>
            <marc:subfield code="k">1700 - 1720</marc:subfield>
            <marc:subfield code="l">1720</marc:subfield>
          </marc:datafield>
          <marc:datafield tag="260" ind1=" " ind2=" ">
            <marc:subfield code="g">1700</marc:subfield>
            <marc:subfield code="g">1720</marc:subfield>
            <marc:subfield code="g">1700 - 1720</marc:subfield>
          </marc:datafield>
          <marc:datafield tag="520" ind1=" " ind2=" ">
            <marc:subfield code="a">Grabungsfund: Tiegel mit Inhalt: Weiße, feste Substanz. Entnommene Substanz/Chemischer Stoff: Weiße Stücke und Pulver. Zusammensetzung: Calciumsulfat.
Tiegel: Höhe: 11 cm, Randweite, außen: 8,1 cm,
Standdurchmesser: 3,2 cm 

Ausgrabung Brunnen in Braunschweig. Archäologischer Kontext: Jakobstraße/Ecke Brabantstraße, Ratsapotheke, Grabung 1964. 

Analyse des Gefäßinhaltes vgl. Marquardt (2022), S. 210-211. (Anette Marquardt)

Verwendungszweck:
Arzneimittel, Heilmittel

Literatur in Zusammenhang:
A. Marquardt und B. Wahrig, „Pharmakon – Farbe, Zauber, Gift, Arznei Katalog zur Ausstellung der Pharmazie- und Wissenschaftsgeschichte und der Universitätsbibliothek Braunschweig“, Braunschweiger Veröffentlichungen zur Pharmazie- und Wissenschaftsgeschichte, Bd. 61. Deutscher Apotheker Verlag, Stuttgart, 2023.

Beschrieben in:
A. Marquardt, „Die arzneimittelhistorische Sammlung Schneider in Braunschweig - Geschichte, Systematik und Dokumentation“, Braunschweiger Veröffentlichungen zur Geschichte der Pharmazie und Naturwissenschaften, Bd. 60. Deutscher Apotheker Verlag, Stuttgart, 2022.</marc:subfield>
          </marc:datafield>
          <marc:datafield tag="650" ind1="1" ind2=" ">
            <marc:subfield code="a">Ausgrabung</marc:subfield>
          </marc:datafield>
          <marc:datafield tag="650" ind1="1" ind2=" ">
            <marc:subfield code="a">Arzneimittel</marc:subfield>
          </marc:datafield>
          <marc:datafield tag="650" ind1="1" ind2=" ">
            <marc:subfield code="a">Apotheke</marc:subfield>
          </marc:datafield>
          <marc:datafield tag="650" ind1="1" ind2=" ">
            <marc:subfield code="a">Behältnis, Hülle &gt; Behältnis</marc:subfield>
          </marc:datafield>
          <marc:datafield tag="650" ind1="1" ind2=" ">
            <marc:subfield code="a">Gesundheit</marc:subfield>
          </marc:datafield>
          <marc:datafield tag="773" ind1="0" ind2=" ">
            <marc:subfield code="t">Arzneimittelhistorische Sammlung der Pharmazie- und Wissenschaftsgeschichte</marc:subfield>
          </marc:datafield>
          <marc:datafield tag="852" ind1=" " ind2=" ">
            <marc:subfield code="a">Pharmazie- und Wissenschaftsgeschichte, IMPC</marc:subfield>
          </marc:datafield>
          <marc:datafield tag="" ind1=" " ind2=" ">
            <marc:subfield code="a">Namensnennung - Nicht-kommerziell - Weitergabe unter gleichen Bedingungen 4.0 International (CC BY-NC-SA 4.0)</marc:subfield>
          </marc:datafield>
        </marc:record>
      </metadata>
    </record>
  </GetRecord>
</OAI-PMH>
